[Event "FRA-ch op-D"]
[Site "Aix les Bains"]
[Date "2007.08.15"]
[Round "1"]
[White "Carpentier, Jacqueline"]
[Black "Masson, Guillaume"]
[Result "0-1"]
[WhiteElo "1499"]
[BlackElo "1380"]
[PlyCount "70"]
[EventDate "2007.08.13"]
[EventType "swiss"]
[EventRounds "11"]
[EventCountry "FRA"]
[SourceTitle "CBM 120 Extra"]
[Source "ChessBase"]
[SourceDate "2007.11.01"]
[SourceVersion "1"]
[SourceVersionDate "2007.11.01"]
[SourceQuality "1"]

1. e4 e5 2. Nc3 Nf6 3. Bc4 Nc6 4. Nf3 Bc5 5. a3 d6 6. d3 Bg4 7. 0-0 Nd4 8. Bb3 Nxf3+ 9. gxf3 Bh3 10. Re1 Nh5 11. Kh1 Bxf2 12. Re2 Qh4 13. Be3 Bxe3 14. Rxe3 Nf4 15. Qe1 Qxe1+ 16. Rexe1 Bg2+ 17. Kg1 Bxf3 18. Kf2 Bh5 19. Nb5 Kd7 20. d4 f6 21. Rg1 Nh3+ 22. Ke1 Nxg1 23. Kf2 Nh3+ 24. Ke3 a6 25. Nc3 exd4+ 26. Kxd4 c5+ 27. Kd3 Rhe8 28. Ba4+ b5 29. Bb3 c4+ 30. Kd2 cxb3 31. cxb3 Ng5 32. Kd3 Bg6 33. Nd5 Bxe4+ 34. Kd2 Bxd5 35. Rd1 Bxb3 0-1